[Event "Kragero Resort A 2020"]
[Site "Kragero"]
[Date "2020.02.21"]
[Round "6.19"]
[White "Lie, Espen"]
[Black "Ingebretsen, Jens E"]
[Result "1/2-1/2"]
[WhiteElo "2490"]
[BlackElo "2241"]
[Annotator "TA"]
[PlyCount "165"]
[EventDate "2020.02.19"]
[EventType "swiss"]
[EventCountry "NOR"]
[SourceTitle "playchess.com"]
[Source "ChessBase"]
[SourceQuality "1"]

{[%evp 13,165,0,22,18,8,21,33,19,35,23,51,58,53,57,56,28,37,40,81,46,38,32,8,17,19,18,18,-19,-15,-16,41,-126,-135,-142,-135,-141,-147,-149,-164,-163,-133,-135,-119,-141,-106,-130,-71,-67,-58,-58,-57,-58,-48,-61,-66,-65,-60,-93,-88,-87,-75,-110,-30,-56,-58,-72,0,0,0,0,0,-40,-42,-63,-57,-62,-62,-131,-118,-124,-129,-235,-169,-182,-176,-177,-180,-202,-195,-251,-245,-291,-297,-297,-290,-470,-450,-465,-448,-607,-277,-281,-132,-206,-33,-33,11,8,8,8,8,8,8,8,58,15,27,0,0,0,0,0,0,0,0,0,0,0,0,0,0,0,0,0,0,0,0,0,0,0,0,0,0,0,0,0,0,0,0,0,0,0,0,0]} 1. Nf3 d5 2. g3 g6 3. Bg2 Bg7 4. O-O Nf6 5. c4 c6 6. Na3 O-O 7. d4 Nbd7 8. cxd5 {D78: Fianchetto Grünfeld: 6 0-0 c6.} cxd5 9. Bf4 Nh5 {[#]} 10. Bd2 $146 {White is slightly better.} ({Predecessor:} 10. Bg5 Ndf6 11. Qb3 Ne4 12. Rad1 b6 13. Nb5 h6 14. Bc1 f5 15. Ne5 Rf6 16. Nc7 Qxc7 17. Qxd5+ {1-0 (38) Alfven,J (1896)-Sorokin,A (1660) Helsingor 2018}) 10... Re8 11. Qb3 Nhf6 12. Rfc1 a6 13. Bf4 Qb6 14. Qxb6 Nxb6 {[%cal Bd7b6,Bb6c4,Bc4a3][%mdl 32]} 15. Rc7 Ne4 16. Nc2 {[%cal Ba3c2,Bc2b4,Bb4d3,Bd3e5][%mdl 32]} Nc4 17. Nb4 e6 18. Nd3 Bf6 19. b3 Na3 20. Nde5 Bd8 21. Rcc1 Ba5 (21... f6 $11 22. Nd3 g5) 22. Rf1 $2 (22. Ng5 $1 $14 {keeps the upper hand.} Nc3 23. Kf1 (23. Ngxf7 Nxe2+ 24. Kh1 Nxf4 $17)) 22... f6 $17 23. Nd3 g5 24. b4 Bb6 25. Be3 Nc3 26. Kh1 Nxe2 27. Rfe1 Nc3 28. Rac1 Ne4 ({Don't play} 28... Nxa2 $6 29. Ra1 $11) 29. Nc5 Bxc5 (29... Nd6 $142 $1 30. h4 h6 31. hxg5 hxg5) 30. bxc5 Bd7 31. Nd2 Nxd2 32. Bxd2 Bc6 33. f4 Nc4 34. Bc3 g4 35. Re2 Kf7 36. Kg1 f5 37. h4 gxh3 (37... Rab8 $17 38. Be1 Rec8) 38. Bxh3 Rg8 39. Be1 Bb5 (39... h5 $17) 40. Rh2 $11 Rg7 41. Bf1 Rh8 42. Bxc4 dxc4 43. Kf2 h5 44. d5 Rg4 45. Bc3 (45. d6 $15) 45... h4 $1 $17 {[%cal Rh4g3]} 46. dxe6+ Kxe6 47. Kf1 (47. Rxh4 $17 Rhxh4 48. gxh4) 47... Rh7 48. Re1+ Kf7 49. Re3 Bc6 50. Be5 Be4 51. Ke1 (51. Rxh4 $142 Rhxh4 52. gxh4) 51... h3 $19 52. Kd2 Ke6 53. Kc3 Kd5 54. Bd6 $2 (54. c6 Kxc6 55. Kxc4) 54... b5 55. Kb4 Bg2 56. Re5+ Kd4 (56... Kc6 $142 57. Re3 a5+ $1 {[%mdl 512]} 58. Kc3 Rhg7) 57. c6 Rxg3 (57... Rg8 $19 {and Black stays clearly on top. White must now prevent ...Rc8.} 58. Bc5+ Kd3) 58. Re8 {[#]} (58. c7 $17 {was worth a try.} Rh8 59. Rxf5) 58... c3 $2 ({Stronger than} 58... Bxc6 59. Rd2+ Rd3 60. Bc5+ Kd5 61. Re5#) ({Better is} 58... Rgg7 $1 $19 59. Be5+ Kd3 60. Bxg7 Rxg7) 59. c7 $1 $15 {[%cal Rc7c8]} a5+ (59... Rxc7 $5 60. Bxc7 c2 61. Be5+ Kd3 $15) 60. Kxb5 Rxc7 $1 61. Bxc7 {Strongly threatening Rc8.} c2 $132 {[%mdl 2048] Black puts up resistance} 62. Be5+ Kd3 63. Bb2 Re3 64. Rd8+ Ke2 65. Bc1 Rd3 {The position is equal.} 66. Rxd3 Kxd3 67. Kxa5 Ke2 $1 {[%cal Re2d1] ...Kd1 is the strong threat.} 68. Kb4 Kd1 69. Bb2 c1=Q 70. Bxc1 Kxc1 $11 {[%mdl 4096] Endgame KR-KB} 71. Kc3 Kd1 72. Kd4 Ke2 73. Ke5 Kf3 74. Kxf5 Kg3 75. Rxh3+ $1 Bxh3+ {KB-KPP} 76. Ke5 Kg4 77. a4 $1 {[%cal Ra4a5] And now a5 would win.} Bf1 78. a5 Bd3 79. Kd4 Bb1 80. Ke5 $1 {Hoping for a6.} Bd3 81. Kd4 Bb1 82. Ke5 {aiming for a6.} Bd3 83. Kd4 {Whites escaped into a draw. Accuracy: White = 67%, Black = 72%.} 1/2-1/2

[Event "Kragero Resort A 2020"]
[Site "Kragero"]
[Date "2020.02.21"]
[Round "6.20"]
[White "Sriram, Jha"]
[Black "Birkisson, Bardur Orn"]
[Result "1/2-1/2"]
[WhiteElo "2383"]
[BlackElo "2186"]
[Annotator "ChessBase"]
[PlyCount "84"]
[EventDate "2020.02.19"]
[EventType "swiss"]
[EventCountry "NOR"]
[SourceTitle "playchess.com"]
[Source "ChessBase"]
[SourceQuality "1"]
[TimeControl "5400+30"]

1. Nf3 {[%emt 0:01:46]} d5 {[%emt 0:00:03]} 2. e3 {[%emt 0:00:08]} Nf6 {[%emt 0:01:55]} 3. c4 {[%emt 0:00:04]} e6 {[%emt 0:04:27]} 4. b3 {[%emt 0:01:04]} Be7 {[%emt 0:01:28]} 5. Bb2 {[%emt 0:00:05]} O-O {[%emt 0:00:55]} 6. d4 {[%emt 0:04:27]} b6 {[%emt 0:09:37]} 7. cxd5 {[%emt 0:05:23]} Nxd5 {[%emt 0:04:14]} 8. Bd3 {[%emt 0:00:52]} Bb7 {[%emt 0:01:54]} 9. O-O {[%emt 0:00:21]} Nd7 {[%emt 0:05:04]} 10. Nc3 {[%emt 0:02:21]} Nxc3 {[%emt 0:07:45]} 11. Bxc3 {[%emt 0:00:03]} c5 {[%emt 0:00:33]} 12. Qc2 {[%emt 0:03:20]} h6 {[%emt 0:02:22]} 13. Rfd1 {[%emt 0:09:19]} cxd4 {[%emt 0:09:41]} 14. Bxd4 {[%emt 0:03:37]} Rc8 {[%emt 0:02:31]} 15. Qe2 {[%emt 0:07:57]} Bf6 {[%emt 0:08:08]} 16. Bb5 {[%emt 0:01:20]} Bc6 {[%emt 0:09:51]} 17. Rac1 {[%emt 0:09:25]} Bxf3 {[%emt 0:08:09]} 18. Rxc8 {[%emt 0:13:36]} Bxe2 {[%emt 0:00:09]} 19. Rxd8 {[%emt 0:00:09]} Bxb5 {[%emt 0:04:31]} 20. Rxd7 {[%emt 0:00:48]} Bxd7 {[%emt 0:00:08]} 21. Bxf6 {[%emt 0:00:03]} Rc8 {[%emt 0:00:54]} 22. g4 {[%emt 0:05:29]} Bc6 {[%emt 0:00:58]} 23. Rd8+ {[%emt 0:00:44]} Rxd8 {[%emt 0:00:09]} 24. Bxd8 {[%emt 0:00:02]} f5 {[%emt 0:02:10]} 25. g5 {[%emt 0:00:38]} hxg5 {[%emt 0:00:59]} 26. Bxg5 {[%emt 0:00:02]} e5 {[%emt 0:00:08]} 27. f4 {[%emt 0:00:54]} exf4 {[%emt 0:00:24]} 28. exf4 {[%emt 0:00:34]} Be4 {[%emt 0:00:08]} 29. Kf2 {[%emt 0:00:15]} Bb1 {[%emt 0:00:08]} 30. a3 {[%emt 0:00:08]} Bc2 {[%emt 0:00:10]} 31. b4 {[%emt 0:00:05]} a5 {[%emt 0:00:09]} 32. Ke3 {[%emt 0:01:21]} axb4 {[%emt 0:00:06]} 33. axb4 {[%emt 0:00:02]} b5 {[%emt 0:00:07]} 34. Kd4 {[%emt 0:00:07]} Kf7 {[%emt 0:00:06]} 35. Ke5 {[%emt 0:00:11]} g6 {[%emt 0:00:09]} 36. h4 {[%emt 0:00:16]} Bb1 {[%emt 0:00:05]} 37. Bd8 {[%emt 0:00:09]} Bc2 {[%emt 0:00:11]} 38. Kd6 {[%emt 0:00:07]} Bb1 {[%emt 0:00:13]} 39. Kd5 {[%emt 0:00:14]} Be4+ {[%emt 0:00:13]} 40. Kc5 {[%emt 0:00:05]} Bd3 {[%emt 0:00:05]} 41. Kd5 {[%emt 0:00:04]} Be4+ {[%emt 0:00:06]} 42. Kc5 {[%emt 0:00:02]} Bd3 {[%emt 0:00:07]} 1/2-1/2

[Event "Kragero Resort A 2020"]
[Site "Kragero"]
[Date "2020.02.21"]
[Round "6.21"]
[White "Kvaloy, Aksel Bu"]
[Black "Kjartansson, David"]
[Result "1/2-1/2"]
[WhiteElo "2174"]
[BlackElo "2356"]
[Annotator "ChessBase"]
[PlyCount "87"]
[EventDate "2020.02.19"]
[EventType "swiss"]
[EventCountry "NOR"]
[SourceTitle "playchess.com"]
[Source "ChessBase"]
[SourceQuality "1"]
[TimeControl "5400+30"]

1. e4 {[%emt 0:00:00]} c5 {[%emt 0:00:00]} 2. Nf3 {[%emt 0:00:00]} d6 {[%emt 0:00:00]} 3. Bb5+ {[%emt 0:00:00]} Nd7 {[%emt 0:01:22]} 4. Ba4 {[%emt 0:00:08]} g6 {[%emt 0:01:17]} 5. O-O {[%emt 0:02:25]} Bg7 {[%emt 0:00:13]} 6. c3 {[%emt 0:04:03]} Ngf6 {[%emt 0:00:21]} 7. Qe2 {[%emt 0:01:02]} O-O {[%emt 0:02:21]} 8. d4 {[%emt 0:01:17]} Nb6 {[%emt 0:07:32]} 9. Bc2 {[%emt 0:01:28]} Bg4 {[%emt 0:04:15]} 10. Nbd2 {[%emt 0:01:29]} cxd4 {[%emt 0:00:15]} 11. cxd4 {[%emt 0:00:07]} Rc8 {[%emt 0:00:26]} 12. Bb3 {[%emt 0:00:34]} Nfd7 {[%emt 0:05:43]} 13. h3 {[%emt 0:01:14]} Bxf3 {[%emt 0:00:50]} 14. Nxf3 {[%emt 0:00:06]} d5 {[%emt 0:04:04]} 15. e5 {[%emt 0:02:08]} Nb8 {[%emt 0:01:43]} 16. a4 {[%emt 0:12:58]} Nc6 {[%emt 0:01:21]} 17. Bd2 {[%emt 0:04:28]} Nc4 {[%emt 0:03:19]} 18. Bc3 {[%emt 0:01:18]} Qb6 {[%emt 0:04:14]} 19. Ba2 {[%emt 0:04:32]} Nb4 {[%emt 0:01:12]} 20. a5 {[%emt 0:10:47]} Nxa5 {[%emt 0:01:58]} 21. Bxb4 {[%emt 0:03:18]} Qxb4 {[%emt 0:00:08]} 22. Bxd5 {[%emt 0:03:47]} Rfd8 {[%emt 0:01:57]} 23. Ba2 {[%emt 0:02:16]} e6 {[%emt 0:14:23]} 24. Rfd1 {[%emt 0:08:04]} Nb3 {[%emt 0:08:58]} 25. Bxb3 {[%emt 0:01:30]} Qxb3 {[%emt 0:00:06]} 26. Rxa7 {[%emt 0:01:26]} Rc2 {[%emt 0:01:53]} 27. Rd2 {[%emt 0:01:25]} Rc1+ {[%emt 0:00:08]} 28. Kh2 {[%emt 0:00:47]} Bh6 {[%emt 0:00:20]} 29. Rd3 {[%emt 0:01:02]} Qd5 {[%emt 0:04:03]} 30. Rc3 {[%emt 0:05:02]} Rb1 {[%emt 0:02:47]} 31. g3 {[%emt 0:08:55]} Bc1 {[%emt 0:06:29]} 32. Rc5 {[%emt 0:05:46]} Qb3 {[%emt 0:03:00]} 33. Rb5 {[%emt 0:00:50]} Rxb2 {[%emt 0:01:29]} 34. Rxb3 {[%emt 0:00:12]} Rxe2 {[%emt 0:00:07]} 35. Kg1 {[%emt 0:00:40]} Rb2 {[%emt 0:03:24]} 36. Rbxb7 {[%emt 0:00:23]} Rxb7 {[%emt 0:00:43]} 37. Rxb7 {[%emt 0:00:06]} Rc8 {[%emt 0:00:17]} 38. Kf1 {[%emt 0:03:05]} Rc3 {[%emt 0:00:28]} 39. Ng1 {[%emt 0:03:46]} Rd3 {[%emt 0:00:32]} 40. Ne2 {[%emt 0:00:35]} Rd1+ {[%emt 0:00:37]} 41. Kg2 {[%emt 0:00:07]} Bh6 {[%emt 0:00:31]} 42. Kf3 {[%emt 0:01:18]} Rd3+ {[%emt 0:00:21]} 43. Kg2 {[%emt 0:00:33]} Rd2 {[%emt 0:00:05]} 44. Kf3 {[%emt 0:04:10]} 1/2-1/2

[Event "Kragero Resort A 2020"]
[Site "Kragero"]
[Date "2020.02.21"]
[Round "6.22"]
[White "Stanford, Maxim Barth"]
[Black "Brodtkorb, Lars Johan"]
[Result "1-0"]
[WhiteElo "2339"]
[BlackElo "2179"]
[Annotator "TA"]
[PlyCount "91"]
[EventDate "2020.02.19"]
[EventType "swiss"]
[EventCountry "NOR"]
[SourceTitle "playchess.com"]
[Source "ChessBase"]
[SourceQuality "1"]

{[%evp 9,91,0,0,-8,-12,-56,-47,-50,-48,-54,-70,-88,4,19,115,114,114,108,104,104,135,84,85,68,29,17,33,30,18,22,27,22,99,100,233,118,172,59,60,14,15,15,14,14,16,22,129,131,110,120,122,106,158,156,152,145,180,176,172,167,593,597,566,550,712,679,1657,1574,1671,1634,1416,760,1383,885,1556,1524,7124,5249,29974,29973,29974,29976,29976,29977]} 1. Nf3 d5 2. c4 e6 3. g3 c6 4. Bg2 dxc4 5. Qc2 b5 6. a4 {A13: English Opening: 1...e6.} Bb7 7. Na3 a6 8. O-O {[#] Black is slightly better.} Nd7 $146 ({Predecessor:} 8... Bxa3 9. Rxa3 Ne7 10. Rd1 O-O 11. Ng5 g6 12. d3 cxd3 13. Raxd3 Qc7 14. Ne4 Nd5 15. Rxd5 exd5 {1-0 (23) Norinkeviciute,R (2064)-Georgieva,E (1985) Gibraltar 2008}) 9. d3 cxd3 10. Qxd3 Nc5 ({Black should try} 10... Ngf6 $17) 11. Qc2 $1 $11 Nxa4 (11... Nf6 $11) 12. Rd1 $36 {[%mdl 2048] Black is under strong pressure.} Qc8 {[#]} 13. Nc4 $1 {[%mdl 512] And now Rxa4 would win.} Nf6 (13... bxc4 14. Qxa4) 14. Rxa4 {[%mdl 64] Decoy} bxa4 15. Nb6 (15. Nfe5 $142 Rb8 16. Qxa4) 15... Qc7 16. Nxa8 Bxa8 17. Qxa4 {Threatens to win with Ne5.} Bd6 18. Qxa6 O-O 19. Nd4 {[%cal Rg2c6]} Nd5 20. e4 Nb4 (20... Nf6 $1 $11 {keeps the balance.}) 21. Qc4 $1 {Black must now prevent Nxe6!} Rd8 {[#]} (21... Re8 $16 {was worth a try.}) 22. Bd2 (22. Nxe6 $1 $18 {[%mdl 512]} fxe6 23. Qxe6+ Qf7 24. Qxf7+ (24. Rxd6 Qxe6 25. Rxd8+ Kf7 $11) 24... Kxf7 25. Bg5) 22... c5 {[#]} (22... Bf8 $16 {keeps fighting.}) 23. Nb5 (23. Nxe6 $1 $18 {[%mdl 512]} fxe6 24. Qxe6+ Kf8 25. Qf5+ Ke8 26. e5 (26. Qxh7 g6 $18)) 23... Qb8 $1 $14 24. Be3 (24. Bxb4 $5 cxb4 25. Nxd6 (25. Rxd6 Rxd6 26. Nxd6 Qxd6 $14) 25... Rxd6 26. Rxd6 Qxd6 27. e5 Qd1+ 28. Bf1 $14) 24... Bf8 25. Rxd8 Qxd8 26. Bxc5 Qc8 $1 27. Qxb4 $1 Qxc5 {White now steadily converts the win.} (27... Bxc5 $11 {remains equal.} 28. Qa5 Be7) 28. Qxc5 $16 Bxc5 29. e5 Bxg2 30. Kxg2 {[%mdl 4096] Endgame KB-KN} Kf8 ({Black should play} 30... f5) 31. f4 Ke7 32. Kf3 h5 33. h3 Kd7 34. Ke4 f5+ $2 {[#]} (34... Bf2) 35. exf6 $1 $18 gxf6 36. Nd4 Bd6 37. f5 exf5+ 38. Nxf5 Be5 39. b3 Kc6 40. Kf3 Kc5 41. Ng7 h4 42. g4 Bc3 43. Ke4 Kb4 44. Kf5 {White mates.} Kxb3 45. Nh5 Kc4 46. Nxf6 {Accuracy: White = 82%, Black = 40%.} 1-0

[Event "Kragero Resort A 2020"]
[Site "Kragero"]
[Date "2020.02.21"]
[Round "6.23"]
[White "Radeva, Viktoria"]
[Black "Unneland, Mathias"]
[Result "1-0"]
[WhiteElo "2320"]
[BlackElo "2175"]
[Annotator "ChessBase"]
[PlyCount "105"]
[EventDate "2020.02.19"]
[EventType "swiss"]
[EventCountry "NOR"]
[SourceTitle "playchess.com"]
[Source "ChessBase"]
[SourceQuality "1"]
[TimeControl "5400+30"]

1. e4 {[%emt 0:00:19]} c5 {[%emt 0:00:00]} 2. Nf3 {[%emt 0:00:05]} Nc6 {[%emt 0:00:00]} 3. d4 {[%emt 0:00:10]} cxd4 {[%emt 0:00:00]} 4. Nxd4 {[%emt 0:00:03]} Nf6 {[%emt 0:00:13]} 5. Nc3 {[%emt 0:00:04]} e5 {[%emt 0:00:10]} 6. Ndb5 {[%emt 0:01:42]} d6 {[%emt 0:00:10]} 7. Bg5 {[%emt 0:00:04]} a6 {[%emt 0:00:12]} 8. Na3 {[%emt 0:00:08]} b5 {[%emt 0:00:11]} 9. Nd5 {[%emt 0:00:20]} Be7 {[%emt 0:00:11]} 10. Bxf6 {[%emt 0:00:05]} Bxf6 {[%emt 0:00:08]} 11. c3 {[%emt 0:00:05]} O-O {[%emt 0:00:13]} 12. Nc2 {[%emt 0:00:20]} Rb8 {[%emt 0:00:08]} 13. Bd3 {[%emt 0:12:31]} Bg5 {[%emt 0:00:56]} 14. O-O {[%emt 0:03:14]} Ne7 {[%emt 0:02:48]} 15. Nce3 {[%emt 0:03:43]} Nxd5 {[%emt 0:02:06]} 16. Nxd5 {[%emt 0:00:07]} Be6 {[%emt 0:00:25]} 17. Bc2 {[%emt 0:01:19]} g6 {[%emt 0:00:41]} 18. Qd3 {[%emt 0:04:19]} Kh8 {[%emt 0:03:14]} 19. Rad1 {[%emt 0:02:35]} a5 {[%emt 0:01:44]} 20. Rfe1 {[%emt 0:04:58]} Bxd5 {[%emt 0:07:02]} 21. Qxd5 {[%emt 0:00:14]} Rb6 {[%emt 0:00:09]} 22. Bd3 {[%emt 0:07:22]} Qb8 {[%emt 0:00:54]} 23. Be2 {[%emt 0:00:49]} Kg7 {[%emt 0:00:49]} 24. Bg4 {[%emt 0:10:41]} Re8 {[%emt 0:01:21]} 25. Rd3 {[%emt 0:03:46]} Re7 {[%emt 0:02:04]} 26. g3 {[%emt 0:02:43]} h5 {[%emt 0:01:05]} 27. Bd1 {[%emt 0:04:29]} Qb7 {[%emt 0:00:25]} 28. Bb3 {[%emt 0:03:18]} Qxd5 {[%emt 0:01:20]} 29. Bxd5 {[%emt 0:00:05]} Rc7 {[%emt 0:00:56]} 30. Red1 {[%emt 0:00:44]} Kf8 {[%emt 0:01:00]} 31. Rf3 {[%emt 0:02:41]} Kg7 {[%emt 0:00:09]} 32. h4 {[%emt 0:01:59]} Bd8 {[%emt 0:00:57]} 33. Kg2 {[%emt 0:01:14]} Re7 {[%emt 0:01:03]} 34. Kh3 {[%emt 0:01:10]} Rb8 {[%emt 0:01:10]} 35. g4 {[%emt 0:02:08]} hxg4+ {[%emt 0:00:07]} 36. Kxg4 {[%emt 0:00:05]} Bb6 {[%emt 0:00:21]} 37. Rh1 {[%emt 0:08:37]} Bc5 {[%emt 0:02:38]} 38. h5 {[%emt 0:06:25]} Rh8 {[%emt 0:00:21]} 39. Kg5 {[%emt 0:01:39]} Rxh5+ {[%emt 0:01:02]} 40. Rxh5 {[%emt 0:00:03]} gxh5 {[%emt 0:00:06]} 41. Kxh5 {[%emt 0:00:13]} b4 {[%emt 0:00:47]} 42. cxb4 {[%emt 0:01:19]} Bxb4 {[%emt 0:00:53]} 43. Kg5 {[%emt 0:00:52]} Bd2+ {[%emt 0:00:44]} 44. Kf5 {[%emt 0:00:26]} f6 {[%emt 0:01:11]} 45. Rg3+ {[%emt 0:00:14]} Bg5 {[%emt 0:00:12]} 46. Rc3 {[%emt 0:00:48]} Bd2 {[%emt 0:00:34]} 47. Rc6 {[%emt 0:00:54]} Bb4 {[%emt 0:00:28]} 48. Rc8 {[%emt 0:00:09]} Be1 {[%emt 0:00:58]} 49. Rg8+ {[%emt 0:00:58]} Kh7 {[%emt 0:00:37]} 50. Kxf6 {[%emt 0:00:59]} Rc7 {[%emt 0:00:14]} 51. Rg1 {[%emt 0:00:26]} Bd2 {[%emt 0:00:08]} 52. Rh1+ {[%emt 0:00:03]} Bh6 {[%emt 0:00:08]} 53. Be6 {[%emt 0:00:07]} 1-0

[Event "Kragero Resort A 2020"]
[Site "Kragero"]
[Date "2020.02.21"]
[Round "6.24"]
[White "Lund, Terje"]
[Black "Storme, Isak"]
[Result "0-1"]
[WhiteElo "2086"]
[BlackElo "2314"]
[Annotator "TA"]
[PlyCount "128"]
[EventDate "2020.02.19"]
[EventType "swiss"]
[EventCountry "NOR"]
[SourceTitle "playchess.com"]
[Source "ChessBase"]
[SourceQuality "1"]

{[%evp 16,128,8,0,29,0,52,27,64,-9,-12,-31,-35,-41,0,-7,0,-11,-2,-19,0,0,0,0,0,-25,-27,-25,0,0,0,0,0,0,63,32,153,159,341,342,510,518,496,378,388,393,393,392,385,379,473,0,0,0,471,471,455,0,0,-8,-8,-8,-8,-8,-8,-8,-8,-8,-8,-8,-8,-8,-8,-8,-8,-8,0,0,0,0,0,0,0,0,0,-8,-8,-8,-8,-43,-43,-70,-43,-72,-72,-80,-80,-120,-87,-87,-87,-253,-231,-456,-422,-418,-352,-10591,-5316,-298,0,-297,-297,-29997,-29998]} 1. d4 Nf6 2. Nf3 e6 3. c4 d5 4. Nc3 Bb4 5. e3 O-O 6. Bd3 b6 7. cxd5 exd5 8. Qc2 Bb7 9. O-O a6 {E52: Nimzo-Indian: Rubinstein: 4...0-0 5 Nf3 d5 6 Bd3 b6.} 10. Ne2 {[#]} Ne4 $146 (10... Re8 $11) ({Predecessor:} 10... Re8 11. Ng3 g6 12. Bd2 Bd6 13. b4 Nbd7 14. Rab1 Qe7 15. Rfc1 Ne4 16. Be1 h5 17. a4 {½-½ (37) Ivanov,J (2370)-Panelo Munoz,M (2418) Torredembarra 2006}) 11. Ne5 f6 {[#]White has an edge.} 12. Nf3 ({White should try} 12. Nc4 $1 $14 {[%mdl 512]} Kh8 (12... dxc4 13. Qxc4+) 13. a3) 12... Bd6 $11 13. Ng3 {[%cal Rg3e4]} f5 14. Ne5 Qe7 15. f4 c5 16. Bxe4 fxe4 17. Qb3 b5 18. dxc5 Bxe5 19. fxe5 Rxf1+ 20. Kxf1 Nd7 21. Bd2 Nxc5 22. Qa3 {Black must now prevent Kg1.} a5 (22... Qf7+ $6 23. Kg1 $14) 23. Bxa5 {Hoping for Kg1.} d4 $1 24. exd4 Qf7+ (24... b4 $11 25. Qxb4 {[%mdl 64] Pin} Qf7+ 26. Kg1 e3) 25. Kg1 $1 $14 Nd3 (25... e3 $1 $14 26. Qxe3 Qd5) 26. Rf1 $16 Qd5 $2 (26... Qe6 $16) 27. Nf5 $18 Kh8 (27... b4 $142) 28. Qe7 {[%csl Gf5][%cal Re7g7]} Rg8 {If only Black now had time for ...e3....} 29. Qd6 Qxa2 30. Bd2 e3 31. Bxe3 Qxb2 {[%csl Gb7][%cal Rb2g2]} 32. d5 Qa2 33. Bh6 {Bxg7+ would kill now.} Qa7+ $1 ({Stronger than} 33... Bxd5 34. Bxg7+ Rxg7 35. Qf8+ Rg8 36. Qf6+ Rg7 37. Qxg7#) 34. Be3 Qa2 $1 35. Ne7 {aiming for e6.} Qe2 36. Bd4 $2 (36. Bb6 $18 Qxe5 37. Qd7 {[%mdl 64] Double Attack} Bxd5 38. Nxd5) 36... Qe4 $1 $11 {[%cal Re4d4]} 37. Bb6 {e6 is the strong threat.} Nf4 (37... Ne1 $5 38. Rf2 $8 Nd3 {[%mdl 64] Double Attack} 39. Nxg8 Nxf2 40. Kxf2 Bxd5 $11) 38. Rxf4 $1 Qxf4 39. Nxg8 Qc1+ 40. Kf2 Qd2+ 41. Kg3 {Threatens to win with Ne7.} Bxd5 {[%mdl 64] Double Attack} 42. Nf6 $1 Qxg2+ 43. Kh4 $1 {White threatens Qf8+ and mate.} (43. Kf4 {leads to mate.} Qf3+ 44. Kg5 h6+ 45. Kg6 Qg2+ 46. Kh5 Qg5#) 43... Qxh2+ 44. Kg4 $1 {White wants to mate with Qf8+.} Qg2+ 45. Kh4 $1 {Intending Qf8+ and mate.} gxf6 46. Qxf6+ Qg7 47. Qd8+ Qg8 48. Qf6+ Qg7 49. Qd8+ Bg8 50. Bd4 Qh6+ 51. Kg3 $132 {[%mdl 2048] Threatening mate with e6+. White is fighting back} Qe6 52. Kh4 h6 53. Qf6+ Kh7 54. Qf4 b4 {[%cal Bb5b4,Bb4b3][%mdl 32]} 55. Qe4+ Kh8 56. Bb2 b3 57. Qf4 Kh7 58. Qe4+ $2 (58. Qf6 $17 {might work better.}) 58... Qg6 $19 59. Qd4 $2 (59. Qb7+ Bf7 60. Qe7) 59... Be6 {[%csl Gh6][%cal Rg6g5]} 60. Qa7+ Qf7 61. Qe3 $2 (61. Qxf7+ Bxf7 62. Kg3) 61... Qe7+ 62. Kh5 Qf7+ 63. Kh4 Qf5 {[%csl Ge6][%cal Rf5g4]} 64. Qg3 $2 (64. Qa7+ $19 Bd7 {[#]} 65. e6 $1 {[%mdl 512]} Qxe6 66. Kg3) 64... Qe4+ {Quite a comeback for Black. Accuracy: White = 61%, Black = 65%.} 0-1

[Event "Kragero Resort A 2020"]
[Site "Kragero"]
[Date "2020.02.21"]
[Round "6.25"]
[White "Ranaldi, Lucas"]
[Black "Woithe, Daniel"]
[Result "1-0"]
[WhiteElo "2302"]
[BlackElo "2067"]
[Annotator "ChessBase"]
[PlyCount "61"]
[EventDate "2020.02.19"]
[EventType "swiss"]
[EventCountry "NOR"]
[SourceTitle "playchess.com"]
[Source "ChessBase"]
[SourceQuality "1"]
[TimeControl "5400+30"]

1. c4 {[%emt 0:00:00]} Nf6 {[%emt 0:00:00]} 2. Nf3 {[%emt 0:00:00]} e6 {[%emt 0:00:00]} 3. b3 {[%emt 0:00:28]} d5 {[%emt 0:00:00]} 4. Bb2 {[%emt 0:00:09]} c5 {[%emt 0:00:11]} 5. e3 {[%emt 0:00:54]} Nc6 {[%emt 0:00:31]} 6. cxd5 {[%emt 0:00:12]} exd5 {[%emt 0:02:57]} 7. Be2 {[%emt 0:00:10]} d4 {[%emt 0:04:32]} 8. Bb5 {[%emt 0:00:08]} Bd7 {[%emt 0:06:13]} 9. exd4 {[%emt 0:09:50]} Nxd4 {[%emt 0:03:01]} 10. Nxd4 {[%emt 0:01:03]} cxd4 {[%emt 0:00:09]} 11. Qe2+ {[%emt 0:01:16]} Be7 {[%emt 0:00:19]} 12. Bxd4 {[%emt 0:18:04]} O-O {[%emt 0:00:27]} 13. Bxd7 {[%emt 0:02:42]} Qxd7 {[%emt 0:00:20]} 14. Bc3 {[%emt 0:00:43]} Bd6 {[%emt 0:32:51]} 15. O-O {[%emt 0:00:43]} Rae8 {[%emt 0:03:40]} 16. Qf3 {[%emt 0:15:55]} Ng4 {[%emt 0:11:26]} 17. g3 {[%emt 0:00:47]} f5 {[%emt 0:02:34]} 18. h3 {[%emt 0:01:21]} Bc5 {[%emt 0:23:28]} 19. d4 {[%emt 0:18:18]} Bxd4 {[%emt 0:00:28]} 20. hxg4 {[%emt 0:05:51]} fxg4 {[%emt 0:00:01]} 21. Qg2 {[%emt 0:00:16]} Re2 {[%emt 0:02:32]} 22. Bxd4 {[%emt 0:00:21]} Qxd4 {[%emt 0:00:05]} 23. Na3 {[%emt 0:00:23]} Rfxf2 {[%emt 0:04:14]} 24. Rxf2 {[%emt 0:00:08]} Qxa1+ {[%emt 0:00:17]} 25. Kh2 {[%emt 0:00:01]} Re5 {[%emt 0:00:15]} 26. Rf1 {[%emt 0:04:14]} Qc3 {[%emt 0:01:24]} 27. Nc4 {[%emt 0:15:58]} Rh5+ {[%emt 0:00:06]} 28. Kg1 {[%emt 0:00:05]} Qd4+ {[%emt 0:00:49]} 29. Qf2 {[%emt 0:00:43]} Qxf2+ {[%emt 0:00:25]} 30. Rxf2 {[%emt 0:00:08]} Rd5 {[%emt 0:00:13]} 31. Rd2 {[%emt 0:01:09]} 1-0